Регионална библиотека "Любен Каравелов" - Русе

Математика за ІІІ клас (Запис номер 52706)

MARC детайли
000 -Лидер
Контролно поле с фиксирана дължина 01780nam a2200385 c 4500
003 - Код на организацията, давaща контролен номер
Контролно поле BLK
005 - Дата и час на последна редакция
Контролно поле 20240715104043.0
008 - Елементи от данни с фиксирана дължина
fixed length control field 180408b bul|||||r ||||||| ||bul||
010 ## - Наследен системен номер
LC control number KNG00056630000
020 ## - Международен стандартен номер на книга ISBN
Международен стандартен номер на книга ISBN 954-01-1587-6
040 ## - Източник на каталожния запис
Идентификатор на билиотеката - собственик на записа BLK
041 ## - Код за език
Код за езика на текст/звукозапис или на отделно заглавие Български
Код за езика КДБФ Български
080 ## - УДК
Текстов определител УДК Основи на математиката в основното образование
УДК код - определител по УДК 372.47
УДК определител (075.2)
УДК - код + определител 372.47(075.2)
100 1# - Редна дума - Автор
Автор Манова, Ангелина Филипова
Авторска отговорност първи автор
R(LIN) 363875
139 ## - Редно поле
Редна дума Манова, Ангелина Филипова
Авторски знак Мано - М 27
245 10 - Сведения за заглавието
Заглавие Математика за ІІІ клас
Редно поле (дума) Ангелина Филипова Манова; съавт. Рени Илиева Рангелова; съавт. Юлияна Николова Гарчева; * Юлияна Николова Гарчева-Янева.
257 ## - Страна на издаване
Страна на създаване/издаване България
260 ## - Област на издателските данни
Име на издателя, разпространителя и проч. Просвета
Година на издаване 2004
Печатница Русе : Дунав прес
300 ## - Физическа характеристика
Страници 128 с.
Илюстрации и др. с цв. ил.
Размери/Мащаб 26 см
Съпровождащи материали 3 тетр.
380 ## - Жанр
Жанр Обществени науки
650 #4 - Допълнително описание по предмет – тема
Основно описание – тема или топоним Математика - учебници за основни училища
9 (RLIN) 243462
653 ## - Ключова дума – ненормативна
Ключова дума математика
653 ## - Ключова дума – ненормативна
Ключова дума учебници за основни училища
653 ## - Ключова дума – ненормативна
Ключова дума ІІІ кл.
700 1# - Други автори (авторска отговорност)
Лично име Рангелова, Рени Илиева
Автороска отговорност (Описва отношението между автора и произведението) съавт.
9 (RLIN) 364911
700 1# - Други автори (авторска отговорност)
Лично име Гарчева, Юлияна Николова
Автороска отговорност (Описва отношението между автора и произведението) съавт.
Друга информация Гарчева-Янева, Юлияна Николова
9 (RLIN) 364910
700 1# - Други автори (авторска отговорност)
Лично име Гарчева-Янева, Юлияна Николова
Автороска отговорност (Описва отношението между автора и произведението) *
9 (RLIN) 364179
852 ## - Местоположение
Форматна сигнатура Цб ІІ 13466
856 4# - Електронен адрес и достъп
Електронен формат pdf - файл
856 4# - Електронен адрес и достъп
Електронен формат pdf - файл
999 ## - СИСТЕМНИ КОНТРОЛНИ НОМЕРА
Koha biblionumber 52706
Koha biblioitemnumber 52706
942 ## - АРТИКУЛИ
Вид на библиотечния материал Книги
Скрит в OPAC Не
Koha issues (borrowed), all copies 4
Периодичен библиозапис Да
944 ## - СЪЗДАВАНЕ И РЕДАКЦИЯ на ЗАПИСА
Създаване/Редакция Създаване
Дата на регистрацията/редакция 15.11.2005
Статус, дата на статуса Радостина Карадакова
Служител, извършил регистрацията/редакцията 30534
944 ## - СЪЗДАВАНЕ И РЕДАКЦИЯ на ЗАПИСА
Създаване/Редакция Редакция
Дата на регистрацията/редакция 28.03.2014
Статус, дата на статуса ф /
999 ## - СИСТЕМНИ КОНТРОЛНИ НОМЕРА
Koha biblioitemnumber 52706
Наличности
Код за отписване Код за изгубен артикул Код за повреда Коз за рестрикции Код за отдаване Артикулен № Име на библиотеката - собственик Име на библиотеката, в която се намира в момента Статус (Текущо местоположение) Дата на вписване в системата Местоположение - отдел Цена в лева Инвентарен номер Систематично азбучна сигнатура Баркод Номер на екземпляра Цена в евро Служебна бележка Служебен тип на артикула Източник на класификационната схема
  Не е изгубен Не е повреден без рестрикции ползва се в читалня 83028 Регионална библиотека "Любен Каравелов" Русе Регионална библиотека "Любен Каравелов" Русе Хранилище 2005-11-15 Хранилище 7.20 120000698122 Цб ІІ 13466 120000698122 1 3.68 Дост: Dp Вид: Д N: 46 Дата: 03.11.2004 Книги  
  Не е изгубен Не е повреден без рестрикции заемане за дома 83029 Регионална библиотека "Любен Каравелов" Русе Регионална библиотека "Любен Каравелов" Русе Детски отдел 2014-01-07 Детски отдел 7.20 120000773103 ДН 373.3.016:51/М 27 А 120000773103 2 3.68 Дост: DA Вид: А N: 1 Дата: 07.01.2014 Дата инв: 21.08.2015 Бележки инв: Д2015 Книги Universal Decimal Classification
Vip Innovations Ltd, Rousse, Bulgaria 2025